000 00396nam a22001697a 4500
005 20160630103145.0
008 160630b xxu||||| |||| 00| 0 eng d
020 _a81-85749-10-8
041 _aeng
082 _b19433
100 _aRajput, R K
_93270
245 _aMaterial Science
260 _bS.K. Kataria & Sons
_c2011
300 _a312
650 _aDiploma Engineering
_9817
942 _cBK
999 _c4846
_d4844